| 000 | 00748nam a2200217Ia 4500 | ||
|---|---|---|---|
| 999 |
_c39281 _d39281 |
||
| 001 | 5867 | ||
| 003 | GE_BSU | ||
| 005 | 20190913110639.0 | ||
| 008 | 181216s1966||||ge |||||||||||||| ||geo|| | ||
| 040 | _cGE_BSU | ||
| 041 | _ageo | ||
| 080 | _a821.353.1-32 ა-42 | ||
| 100 |
_aაკობია, შ. _93983 |
||
| 245 |
_aთეთრი ჩრდილი : _bრომანი / _cშ. აკობია ; რედ. მ. გვასალია |
||
| 264 |
_aსოხუმი : _bალაშარა ; _c1966. |
||
| 300 |
_a302 გვ. ; _c21 სმ. |
||
| 653 | _aთეთრი ჩრდილი | ||
| 653 | _aრომანი | ||
| 700 |
_aგვასალია, მ. _eრედაქტორი _93984 |
||
| 942 |
_cBK _2udc |
||